RICS offer gun safety advice (Record no. 73600)
[ view plain ]
| 000 -LEADER | |
|---|---|
| fixed length control field | 00908cam a2200205 4500 |
| 001 - CONTROL NUMBER | |
| control field | WB3939-02 |
| 008 - FIXED-LENGTH DATA ELEMENTS--GENERAL INFORMATION | |
| fixed length control field | 031016n2003 000 0 eng u |
| 035 ## - SYSTEM CONTROL NUMBER | |
| System control number | (Sirsi) u123935 |
| 245 ## - TITLE STATEMENT | |
| Title | RICS offer gun safety advice |
| 260 ## - PUBLICATION, DISTRIBUTION, ETC. | |
| Date of publication, distribution, etc. | 2003 |
| 490 ## - SERIES STATEMENT | |
| Series statement | Antiques Trade Gazette |
| Volume/sequential designation | (1610) 18 October 2003, 1(1) |
| 490 ## - SERIES STATEMENT | |
| Series statement | The Arts Surveyor |
| Volume/sequential designation | September 2003, 3(1) |
| 520 ## - SUMMARY, ETC. | |
| Summary, etc. | Following the incident where an auctioneer was fined after a professional musician lost a finger after a starting pistol was accidentally discharged in the auction room, RICS has issued detailed advice on gun safety. The guidelines have been set out in the RICS AFA publication, "The Arts Surveyor", available on the Antiques and Fine Art faculty website, http://www.rics.org/afa. |
| 590 ## - LOCAL NOTE (RLIN) | |
| Local note | WB |
| 650 ## - SUBJECT ADDED ENTRY--TOPICAL TERM | |
| Topical term or geographic name entry element | FIREARMS |
| 650 ## - SUBJECT ADDED ENTRY--TOPICAL TERM | |
| Topical term or geographic name entry element | FIREARMS RULES |
| 650 ## - SUBJECT ADDED ENTRY--TOPICAL TERM | |
| Topical term or geographic name entry element | AUCTIONEERS |
| 690 ## - LOCAL SUBJECT ADDED ENTRY--TOPICAL TERM (OCLC, RLIN) | |
| Topical term or geographic name as entry element | Auctioneering |
| 9 (RLIN) | 6218 |
| 942 ## - ADDED ENTRY ELEMENTS (KOHA) | |
| Suppress in OPAC | 0 |
| Withdrawn status | Lost status | Source of classification or shelving scheme | Damaged status | Not for loan | Home library | Current library | Shelving location | Date acquired | Total Checkouts | Full call number | Barcode | Date last seen | Copy number | Price effective from | Koha item type |
|---|---|---|---|---|---|---|---|---|---|---|---|---|---|---|---|
| Dewey Decimal Classification | London | London | News article | 16/10/2003 | WB3939-02 | 123935-1001 | 06/08/2019 | 1 | 06/08/2019 | News article |